LEADER 01303nam a2200289 4500 001 000000366942 003 CaOOAMICUS 005 20260324112454.0 008 260320s2021 it 000 u ita r 020 $a978-88-6929-666-6 040 $aSeMil$bita 100 1 $aMoscatelli, Ettore,$c.$0(OLS)http://semarc/name/49624 245 10$aGesł adolescente :$bun viaggio apocrifo del terzo millennio /$cEttore Moscatelli ; [presentazione di fratel MichaelDavide Semeraro] ; [prefazione di mons. Francesco Guido Ravinale]. 264 1$aCantalupa (TO) :$bEffatą,$c2021. 300 $a95 p. ;$c21 cm 490 1 $aIl respiro dell'anima 650 4$aGesł Cristo - Meditazioni poetiche.$0(OLS)http://semarc/subject/33193 700 0 $aMichaelDavide,$c.$0(OLS)http://semarc/name/65140 700 1 $aRavinale, Francesco Guido,$c.$0(OLS)http://semarc/name/123956 850 $aSeMil 852 $aSeMil$W1$xVenegono$y1$m2W III 51$j268901$B257684$CSeMilBibl$Z2$F257684 $81 900 1 $aSemeraro, Michael Davide. 961 $aPerego don Stefano - Omaggio 996 $6020$a978-88-6929-666-6$9(OLS)http://semarc/number/305546 996 $6264$aCantalupa (TO) :$bEffatą$9(OLS)http://semarc/publisher/32483